书目信息 |
| 题名: |
计算机软件技术基础
|
|
| 作者: | 徐士良 编著 | |
| 分册: | ||
| 出版信息: | 北京 清华大学出版社 2007.07 |
|
| 页数: | 359页 | |
| 开本: | 26cm | |
| 丛书名: | ||
| 单 册: | ||
| 中图分类: | TP311 | |
| 科图分类: | ||
| 主题词: | 软件 | |
| 电子资源: | ||
| ISBN: | 978-7-302-14953-8 | |
| 000 | 00636nam0 2200205 450 | |
| 001 | 0859489871 | |
| 005 | 20080303163500.39 | |
| 010 | @a978-7-302-14953-8@dCNY29.00 | |
| 100 | @a20080303d2007 km y0chiy0120 ea | |
| 101 | 0 | @achi |
| 102 | @aCN@b110000 | |
| 200 | 1 | @a计算机软件技术基础@Aji suan ji ruan jian ji shu ji chu@e第二版@f徐士良等编著@Fxu shi liang deng bian zhu |
| 210 | @a北京@c清华大学出版社@d2007.07 | |
| 215 | @a359页@d26cm | |
| 517 | 1 | @a第二版@Adi er ban |
| 606 | 0 | @a软件 |
| 690 | @aTP311@v4 | |
| 701 | 0 | @a徐士良@Axu shi liang@4编著 |
| 801 | 0 | @aCN@b大连网信软件有限公司图书馆·11@c20080303 |
| 905 | @aZUCC@dTP311@eX800 | |
| 计算机软件技术基础:第二版/徐士良等编著.-北京:清华大学出版社,2007.07 |
| 359页;26cm |
| ISBN 978-7-302-14953-8:CNY29.00 |
| ● |
| 相关链接 |
|
|
|
正题名:计算机软件技术基础
索取号:TP311/X800
 
预约/预借
| 序号 | 登录号 | 条形码 | 馆藏地/架位号 | 状态 | 备注 |
| 1 | 479690 | 204796907 | 计算机与数据科学学院资料室/ [索取号:TP311/X800] | 在馆 |